Constitución de la República Popular China. (Record no. 110295)

MARC details
000 -LEADER
campo de control de longitud fija 00592cam a2200205Ma 4500
001 - NÚMERO DE CONTROL
campo de control 40262
005 - FECHA Y HORA DE LA ÚLTIMA TRANSACCIÓN
campo de control 20230411085955.0
008 - DATOS DE LONGITUD FIJA--INFORMACIÓN GENERAL
campo de control de longitud fija 920303s1975 ch f 000 0 spa d
035 ## - NÚMERO DE CONTROL DEL SISTEMA
Número de control de sistema (OCoLC)ocm48292206
040 ## - FUENTE DE CATALOGACIÓN
Centro catalogador/agencia de origen EL$
Lengua de catalogación spa
Centro/agencia transcriptor EL$
Centro/agencia modificador OCLCQ
035 ## - NÚMERO DE CONTROL DEL SISTEMA
Número de control de sistema (OCoLC)48292206
084 ## - OTRO NÚMERO DE CLASIFICACIÓN
Número de clasificación 342.5105
Número de ítem Ch539c
049 ## - FONDOS LOCALES (OCLC)
Biblioteca depositaria GRAL
110 1# - ENTRADA PRINCIPAL--NOMBRE DE ENTIDAD CORPORATIVA
Nombre de entidad corporativa o nombre de jurisdicción como elemento de entrada China (República Popular, 1949).
Subencabezamiento de forma Constitución.
245 10 - MENCIÓN DEL TÍTULO
Título Constitución de la República Popular China.
260 ## - PUBLICACIÓN, DISTRIBUCIÓN, ETC.
Lugar de publicación, distribución, etc. Pekín :
Nombre del editor, distribuidor, etc. Ediciones en Lenguas Extranjeras,
Fecha de publicación, distribución, etc. 1975.
300 ## - DESCRIPCIÓN FÍSICA
Extensión 53 p. ;
Dimensiones 18 cm.
942 ## - ELEMENTOS DE ENTRADA SECUNDARIOS (KOHA)
Fuente del sistema de clasificación o colocación Clasificación de Library of Congress
Tipo de ítem Koha
994 ## -
-- C0
-- DRFGD
Holdings
Estatus retirado Estado de pérdida Fuente del sistema de clasificación o colocación Estado de daño No para préstamo Colección Biblioteca de origen Biblioteca actual Ubicación en estantería Fecha de adquisición Código de barras Visto por última vez Copia número Tipo de ítem Koha
    Clasificación de Library of Congress     Automatización y Procesos Técnicos Biblioteca Juan Bosch Biblioteca Juan Bosch Automatización y Procesos Técnicos (1er. Piso) 11/04/2023 00000040994 17/02/2019 1